Online Catalogue and eLibrary

Thoran kavi (Record no. 4833)

MARC details
000 -LEADER
fixed length control field 00346nam a2200145Ia 4500
005 - DATE AND TIME OF LATEST TRANSACTION
control field 20250430051622.0
008 - FIXED-LENGTH DATA ELEMENTS--GENERAL INFORMATION
fixed length control field 240331s9999 xx 000 0 und d
082 ## - DDC Classification
Item Number - Author Mark WIJ
Class No. 891
100 ## - MAIN ENTRY--PERSONAL NAME
Personal name Wijayasriwardena,K.H.De. S
245 #0 - TITLE STATEMENT
Title Thoran kavi
260 ## - PUBLICATION, DISTRIBUTION, ETC.
Place of publication, distribution, etc. Colombo
Name of publisher, distributor, etc. M.D Gunasena Books
Date of publication, distribution, etc. 1961
300 ## - PHYSICAL DESCRIPTION
Extent (e.g. Volumes, Pages etc.) 239 p .,
650 ## - SUBJECT ADDED ENTRY--TOPICAL TERM
Topical term or geographic name entry element Poems
942 ## - Koha item type (Biblio)
Koha item type Books in Stacks (Lending)
Holdings
Lost status Damaged status Collection code Home library Current library Shelving location Date acquired Full call number Accession Number Item type
    Lending WERC Library WERC Library Social Science Cupboard 03/31/2024 891.48 WIJ 1067 Books in Stacks (Lending)

© WERC Library